|
|
|
|
| LEADER |
01012nam a2200253 a 4500 |
| 001 |
564933 |
| 008 |
120929r19891880nyuaf 000 0 eng d |
| 999 |
|
|
|c 12855
|d 12855
|
| 010 |
|
|
|a 89030498
|
| 020 |
|
|
|a 9780486261454
|
| 020 |
|
|
|a 048626145X (pbk.)
|
| 040 |
|
|
|a DLC
|c DLC
|d DLC
|d BD-DhAAL
|
| 082 |
0 |
0 |
|a 720
|2 20
|
| 100 |
1 |
|
|a Ruskin, John,
|d 1819-1900.
|9 25839
|
| 245 |
1 |
4 |
|a The seven lamps of architecture /
|c by John Ruskin ; illustrations by the author.
|
| 260 |
|
|
|a New York :
|b Dover Publications,
|c 1989.[Reprint]
|
| 300 |
|
|
|a xii, 222 pages, 14 leaves of plates :
|b illustrations ;
|c 24 cm.
|
| 500 |
|
|
|a Reprint. Previously published: Sunnyside, Orpington, Kent : G. Allen. 1880.
|
| 526 |
|
|
|a ARC
|
| 541 |
|
|
|a 00025923
|
| 650 |
|
0 |
|a Architecture.
|9 25840
|
| 852 |
1 |
|
|a Ayesha Abed Library
|j General shelf
|
| 942 |
|
|
|2 ddc
|c BK
|
| 952 |
|
|
|0 0
|1 0
|4 0
|6 720_000000000000000_RUS
|7 0
|9 21161
|a BRACUL
|b BRACUL
|c GEN
|d 2012-09-26
|e Riza Enterprize
|g 1420.00
|l 8
|m 75
|o 720 RUS
|p 3010025923
|r 2021-12-23
|s 2021-12-15
|t 1
|w 2012-09-26
|y BK
|